000 00708nam a2200265Ia 4500
003 OSt
005 20220918174423.0
006 a|||||r|||| 00| 0
007 ta
008 220917b |||||||| |||| 00| 0 eng d
024 _a12,048
037 _cTextual
040 _aARTS
_cARTS
_beng
041 _2eng
_aeng
082 _aMY2, K31;L7
100 _aDyson Geoffrey H
_950426
245 0 _aMechanics of athletics
250 _a7th
260 _aLondon
_bHodder and Stoughton
_c1977
300 _ax, 267p.
_ccm.
500 _aBibliography p257-259; Appendix-P253-256
650 _aINDUSTRIAL ARTS
942 _hMY2, K31;L7
_cTEXL
_2CC
999 _c153102
_d153102